[Event "Titled Tuesday intern op 13th Feb Early"]
[Site "Chess.com INT"]
[Date "2024.02.13"]
[Round "9"]
[White "Bartel, Michal"]
[Black "Rustamov, Rustam"]
[Result "1-0"]
[WhiteElo "2246"]
[BlackElo "2261"]
[PlyCount "99"]
[EventDate "2024.02.13"]
[EventType "swiss (blitz)"]
[EventRounds "11"]
[EventCountry "USA"]
[SourceTitle "CB08_2024"]
[SourceDate "2024.02.21"]
[SourceVersion "1"]
[SourceVersionDate "2024.02.21"]
[SourceQuality "1"]

1. e4 c5 2. Ne2 d6 3. g3 g6 4. Bg2 Bg7 5. c3 Nc6 6. d4 cxd4 7. cxd4 e6 8. Nbc3 Nge7 9. 0-0 0-0 10. h3 d5 11. e5 Bd7 12. Bg5 h6 13. Be3 Rc8 14. g4 Na5 15. b3 b5 16. Qd2 Kh7 17. f4 b4 18. Nd1 Qb6 19. Nb2 Nb7 20. Nd3 a5 21. Ng3 Rc3 22. Nc5 Nxc5 23. dxc5 Qb5 24. Rfd1 f6 25. exf6 Bxf6 26. Ne2 Rxc5 27. Nd4 Qb6 28. Rab1 Qc7 29. Kh1 Rc3 30. Bg1 Rc8 31. Re1 Qd6 32. Rbd1 Bg7 33. Bh2 Qb6 34. Bg1 Qa6 35. Qe2 Qxe2 36. Rxe2 Bxd4 37. Bxd4 Rc2 38. Rde1 Rxe2 39. Rxe2 Rc1+ 40. Kh2 Nc6 41. Bf2 Kg7 42. f5 gxf5 43. gxf5 Kf7 44. fxe6+ Bxe6 45. Bf3 Ne5 46. Rxe5 Ra1 47. Re2 Bf5 48. Bxd5+ Kg6 49. Bd4 Rd1 50. Rg2+ 1-0

[Event "Titled Tuesday intern op 13th Feb Early"]
[Site "Chess.com INT"]
[Date "2024.02.13"]
[Round "6"]
[White "Rustamov, Rustam"]
[Black "Yang, Kevin S"]
[Result "1-0"]
[WhiteElo "2261"]
[BlackElo "2096"]
[PlyCount "59"]
[EventDate "2024.02.13"]
[EventType "swiss (blitz)"]
[EventRounds "11"]
[EventCountry "USA"]
[SourceTitle "CB08_2024"]
[SourceDate "2024.02.21"]
[SourceVersion "1"]
[SourceVersionDate "2024.02.21"]
[SourceQuality "1"]

1. e4 c6 2. Nc3 d5 3. Nf3 Bg4 4. h3 Bxf3 5. Qxf3 e6 6. d4 Nd7 7. Bd3 dxe4 8. Nxe4 Ngf6 9. 0-0 Be7 10. Ng5 h6 11. Nxe6 fxe6 12. Bg6+ Kf8 13. Qe2 Nb6 14. Qxe6 Qd5 15. Qe2 Rd8 16. Re1 Rd7 17. c3 Qc4 18. Qf3 Qd5 19. Qg3 Bd6 20. Bf4 Nc8 21. c4 Qxc4 22. Bf5 Nh5 23. Qh4 Nxf4 24. Bxd7 Ne7 25. Rxe7 g5 26. Re8+ Kf7 27. Qg4 Rxe8 28. Qf5+ Ke7 29. Bxe8 Kxe8 30. Qc8+ 1-0

[Event "Titled Tuesday intern op 06th Feb Early"]
[Site "Chess.com INT"]
[Date "2024.02.06"]
[Round "6"]
[White "Rustamov, Rustam"]
[Black "Hajiyev, Kanan"]
[Result "1/2-1/2"]
[WhiteElo "2261"]
[BlackElo "2081"]
[PlyCount "63"]
[EventDate "2024.02.06"]
[EventType "swiss (blitz)"]
[EventRounds "11"]
[EventCountry "USA"]
[SourceTitle "CB07_2024"]
[SourceDate "2024.02.14"]
[SourceVersion "1"]
[SourceVersionDate "2024.02.14"]
[SourceQuality "1"]

1. e4 c6 2. Nf3 d5 3. Nc3 a6 4. d4 Bg4 5. Be2 e6 6. h3 Bh5 7. 0-0 Nf6 8. exd5 cxd5 9. Ne5 Bxe2 10. Nxe2 Nc6 11. f4 Ne4 12. c3 Bd6 13. Qd3 0-0 14. Ng3 f5 15. Nxe4 fxe4 16. Qe2 Ne7 17. Be3 Nf5 18. Bf2 b5 19. a4 bxa4 20. Rxa4 Bxe5 21. dxe5 a5 22. Rfa1 Qc7 23. c4 Ne7 24. b4 Rxf4 25. Rxa5 Rxa5 26. bxa5 Qxe5 27. Qe1 Rxf2 28. Kxf2 Qd4+ 29. Kg3 Qe5+ 30. Kf2 Qd4+ 31. Kg3 Qe5+ 32. Kf2 1/2-1/2

[Event "Titled Tuesday intern op 06th Feb Early"]
[Site "Chess.com INT"]
[Date "2024.02.06"]
[Round "5"]
[White "Vlassov, Nikolai"]
[Black "Rustamov, Rustam"]
[Result "1-0"]
[WhiteElo "2299"]
[BlackElo "2261"]
[PlyCount "101"]
[EventDate "2024.02.06"]
[EventType "swiss (blitz)"]
[EventRounds "11"]
[EventCountry "USA"]
[SourceTitle "CB07_2024"]
[SourceDate "2024.02.14"]
[SourceVersion "1"]
[SourceVersionDate "2024.02.14"]
[SourceQuality "1"]

1. e4 c5 2. c3 d5 3. exd5 Nf6 4. Bb5+ Bd7 5. Bxd7+ Qxd7 6. c4 e6 7. Qe2 Be7 8. dxe6 fxe6 9. Nf3 Nc6 10. 0-0 0-0 11. Re1 e5 12. Nc3 Bd6 13. d3 Rae8 14. Bg5 Ng4 15. h3 Nf6 16. Ne4 Nh5 17. Nxd6 Qxd6 18. Nd2 Nf4 19. Bxf4 Rxf4 20. Ne4 Qf8 21. Rad1 Nd4 22. Qd2 b6 23. a3 Qf5 24. b4 Qg6 25. Kh1 Ref8 26. bxc5 bxc5 27. Rb1 Qh5 28. Rb7 Rf3 29. Re3 Rxe3 30. Qxe3 Rf3 31. Rb8+ Rf8 32. Rxf8+ Kxf8 33. Nxc5 Qd1+ 34. Kh2 Ne2 35. f3 Qf1 36. Nd7+ Kg8 37. Nxe5 h6 38. Ng6 Kh7 39. Nf4 Nxf4 40. Qxf4 Qa1 41. Qe4+ Kh8 42. c5 Qxa3 43. c6 Qd6+ 44. f4 a5 45. Qc4 Qc7 46. Kh1 Kh7 47. d4 a4 48. Qxa4 Qxf4 49. Qc2+ g6 50. c7 Qf1+ 51. Kh2 1-0

[Event "Titled Tuesday intern op 16th Jan Early"]
[Site "Chess.com INT"]
[Date "2024.01.16"]
[Round "9"]
[White "Rustamov, Rustam"]
[Black "Hua, Lefong"]
[Result "1-0"]
[WhiteElo "2261"]
[BlackElo "2305"]
[PlyCount "123"]
[EventDate "2024.01.16"]
[EventType "swiss (blitz)"]
[EventRounds "11"]
[EventCountry "USA"]
[SourceTitle "CB04_2024"]
[SourceDate "2023.10.16"]
[SourceVersion "1"]
[SourceVersionDate "2023.10.16"]
[SourceQuality "1"]

1. e4 c5 2. Nf3 g6 3. d4 cxd4 4. Nxd4 Bg7 5. c4 Nc6 6. Be3 Nf6 7. Nc3 0-0 8. Be2 d6 9. 0-0 Bd7 10. f3 Nxd4 11. Bxd4 a5 12. Qd2 Bc6 13. Nd5 Bxd5 14. cxd5 Nd7 15. Bxg7 Kxg7 16. Qd4+ Kg8 17. Bb5 Qb6 18. Qxb6 Nxb6 19. Rfc1 Rac8 20. b3 Rxc1+ 21. Rxc1 Rc8 22. Rxc8+ Nxc8 23. Kf2 Nb6 24. Ke3 g5 25. Kd4 f6 26. g3 Kf7 27. Kc3 e5 28. b4 axb4+ 29. Kxb4 Ke7 30. Bf1 Kd8 31. Kb5 Kc7 32. Bh3 Na8 33. Bf5 h6 34. Bg6 Kb8 35. Kc4 Kc7 36. Bf5 Kb6 37. Kd3 Kc5 38. Ke3 Nc7 39. Kf2 Kd4 40. Bd7 Na6 41. Kg2 Ke3 42. Bg4 Nc5 43. Kh3 Nd3 44. Bh5 Nf2+ 45. Kg2 Nd3 46. Kh3 Ne1 47. Kg4 Nxf3 48. Kf5 Nd4+ 49. Kxf6 Kxe4 50. Kg6 Kxd5 51. Kxh6 Ne6 52. Kg6 e4 53. Kf5 e3 54. Bf3+ Kc4 55. Kxe6 Kd3 56. Kxd6 e2 57. Bxe2+ Kxe2 58. Ke5 Kf3 59. Kf5 g4 60. Kg5 b6 61. a4 Kg2 62. Kxg4 1-0

[Event "Titled Tuesday intern op 16th Jan Early"]
[Site "Chess.com INT"]
[Date "2024.01.16"]
[Round "11"]
[White "Rustamov, Rustam"]
[Black "Paravyan, David"]
[Result "1/2-1/2"]
[WhiteElo "2261"]
[BlackElo "2612"]
[PlyCount "59"]
[EventDate "2024.01.16"]
[EventType "swiss (blitz)"]
[EventRounds "11"]
[EventCountry "USA"]
[SourceTitle "CB04_2024"]
[SourceDate "2023.10.16"]
[SourceVersion "1"]
[SourceVersionDate "2023.10.16"]
[SourceQuality "1"]

1. e4 e5 2. Nf3 Nf6 3. Nxe5 d6 4. Nf3 Nxe4 5. d4 d5 6. Bd3 Bd6 7. 0-0 0-0 8. c4 c6 9. Qc2 h6 10. Nc3 Nxc3 11. bxc3 dxc4 12. Bxc4 Qf6 13. Re1 Bf5 14. Bd3 Bxd3 15. Qxd3 Nd7 16. Rb1 b5 17. c4 bxc4 18. Qxc4 Rfe8 19. Bd2 Nb6 20. Qc2 Qg6 21. Qxg6 fxg6 22. Rxe8+ Rxe8 23. Rc1 Rc8 24. Kf1 Kf7 25. Ke2 Ke6 26. Kd3 g5 27. h3 Kd5 28. Be3 Na4 29. Nd2 c5 30. dxc5 1/2-1/2

[Event "Wch U14"]
[Site "Montesilvano"]
[Date "2023.11.20"]
[Round "7"]
[White "Banh, Gia Huy"]
[Black "Rustamov, Rustam"]
[Result "1-0"]
[WhiteElo "2397"]
[BlackElo "2229"]
[PlyCount "89"]
[EventDate "2023.11.13"]
[EventType "swiss"]
[EventRounds "11"]
[EventCountry "ITA"]
[SourceTitle "CB48_2023"]
[SourceDate "2023.11.29"]
[SourceVersion "1"]
[SourceVersionDate "2023.11.29"]
[SourceQuality "1"]

1. d4 d5 2. Nf3 Nf6 3. Bf4 c5 4. e3 Nc6 5. Nbd2 e6 6. c3 Bd6 7. Bg3 Qe7 8. Ne5 Nd7 9. Bb5 Bxe5 10. dxe5 a6 11. Bxc6 bxc6 12. Qa4 Bb7 13. c4 a5 14. Rc1 0-0 15. 0-0 Nb6 16. Qc2 Ba6 17. b3 a4 18. Rfd1 Rfc8 19. h3 Qg5 20. Qc3 Qg6 21. Bh4 Nd7 22. Be7 f6 23. Nf3 Kf7 24. Bd6 Qh5 25. Rd2 f5 26. Ne1 g5 27. Nd3 g4 28. hxg4 Qxg4 29. f3 Qg3 30. Nxc5 Nxc5 31. Bxc5 Rg8 32. e4 dxe4 33. fxe4 Qxc3 34. Rd7+ Kg6 35. exf5+ Kxf5 36. Rxc3 Rg4 37. Re3 axb3 38. Rf7+ Kg6 39. Rf6+ Kg7 40. axb3 Rd8 41. Ref3 Rd1+ 42. Kh2 Rd2 43. Rf7+ Kg8 44. Ra7 Rgxg2+ 45. Kh1 1-0

[Event "EU-ch U14 31st"]
[Site "Mamaia"]
[Date "2023.09.12"]
[Round "7"]
[White "Rustamov, Rustam"]
[Black "Tabuenca Mendataurigoitia, Daniel"]
[Result "1-0"]
[WhiteElo "1995"]
[BlackElo "2374"]
[PlyCount "67"]
[EventDate "2023.09.05"]
[EventType "swiss"]
[EventRounds "9"]
[EventCountry "ROU"]
[SourceTitle "EXT 2024"]
[Source "ChessBase"]
[SourceDate "2023.10.10"]
[SourceVersion "1"]
[SourceVersionDate "2023.10.10"]
[SourceQuality "1"]

1. e4 e5 2. Nf3 Nc6 3. Bb5 a6 4. Ba4 Nf6 5. 0-0 Nxe4 6. d4 Be7 7. Re1 b5 8. d5 Nc5 9. Bb3 Nxb3 10. axb3 Nb8 11. Nxe5 0-0 12. c4 b4 13. Be3 Bb7 14. c5 Re8 15. Nc4 a5 16. Nxa5 Bxd5 17. Qxd5 Rxa5 18. Rxa5 c6 19. Qc4 Qxa5 20. Bf4 Qd8 21. Qe4 Na6 22. Bd6 Nc7 23. Bxe7 Qa8 24. f3 Qa7 25. Qh4 Nb5 26. Kh1 Qa1 27. Nc3 Qxe1+ 28. Qxe1 bxc3 29. bxc3 f6 30. c4 Na7 31. Qa5 Rxe7 32. h4 d6 33. Qd8+ Kf7 34. cxd6 1-0